LIBRARY & INFORMATION CENTRE, KCAET, TAVANUR

ONLINE PUBLIC ACCESS CATALOGUE (OPAC)

Kailasathile Bhootham / (Record no. 3868)

MARC details
000 -LEADER
fixed length control field 00395cam a2200157ua 4500
041 ## - LANGUAGE CODE
Language code of text/sound track or separate title mal
082 ## - DEWEY DECIMAL CLASSIFICATION NUMBER
Classification number 894.812 308
Item number RAJ/KA
100 ## - MAIN ENTRY--AUTHOR NAME
Personal name Raju, C M .
245 ## - TITLE STATEMENT
Title Kailasathile Bhootham /
250 ## - EDITION STATEMENT
Edition statement 2 /
260 ## - PUBLICATION, DISTRIBUTION, ETC. (IMPRINT)
Place of publication Ernamkulam :
Name of publisher Sree Lakshmi Vilasm Book Depot ,
Year of publication 1960.
300 ## - PHYSICAL DESCRIPTION
Number of Pages 105 ; .
942 ## - ADDED ENTRY ELEMENTS (KOHA)
Koha item type Books
Holdings
Withdrawn status Lost status Damaged status Home library Current library Date acquired Full call number Accession Number Koha item type
      KAUAET KAUAET 07/04/2012 894.812 308 1473 Books
free website counter